[Event "Regionalliga SW 0304"]
[Site "Bayern"]
[Date "2003.11.02"]
[Round "2.8"]
[White "Monninger, Moritz Franz"]
[Black "Henning, Markus"]
[Result "1-0"]
[WhiteElo "1992"]
[BlackElo "1946"]
[PlyCount "53"]
[EventDate "2003.10.??"]
[EventType "team"]
[EventRounds "9"]
[EventCountry "GER"]
[SourceTitle "EXT 2006"]
[Source "ChessBase"]
[SourceDate "2005.11.24"]
[SourceVersion "1"]
[SourceVersionDate "2005.11.24"]
[SourceQuality "1"]
[WhiteTeam "Muenchen Tarrasch II"]
[BlackTeam "Muenchen RTA"]
[WhiteTeamCountry "GER"]
[BlackTeamCountry "GER"]

1. d4 Nf6 2. Bg5 Ne4 3. Bf4 c5 4. f3 Nf6 5. dxc5 Qa5+ 6. Qd2 Qxc5 7. e4 e5 8. Be3 Qc7 9. Nc3 Bb4 10. Nge2 a6 11. Ng3 0-0 12. a3 Bxc3 13. bxc3 d6 14. Be2 Be6 15. 0-0 Nbd7 16. Rab1 d5 17. f4 Nc5 18. exd5 Nxd5 19. f5 Nxe3 20. Qxe3 Bd5 21. f6 Ne6 22. Nf5 gxf6 23. Qh6 Be4 24. Bd3 Bxd3 25. cxd3 Qd8 26. Rf3 Kh8 27. Rh3 1-0